00225nam a2200097Ia 4500008004100000100001200041245003900053250001200092260001400104300000900118190216s9999||||xx |||||||||||||| ||und|| aV.Saran 0aInternational Financial Management a3rd Ed. bPhic2005 a334p